[Event "TICF"]
[Site "FAMALICAO"]
[Date "2023.07.26"]
[Round "4.14"]
[White "AFONSO, Joao Pedro"]
[Black "SILVA, Jose Antonio"]
[Result "1/2-1/2"]
[BlackElo "1450"]
[WhiteElo "1880"]
[LiveChessVersion "1.4.8"]

1. e4 c6 2. d4 {[%clk 1:31:21]} d5 {[%clk 1:31:18]} 3. exd5 {[%clk 1:31:48]} cxd5
{[%clk 1:31:38]} 4. Bd3 {[%clk 1:32:13]} Nf6 {[%clk 1:31:48]} 5. h3
{[%clk 1:32:39]} e6 {[%clk 1:30:48]} 6. Nf3 {[%clk 1:32:39]} Bd6 {[%clk 1:30:48]}
7. O-O {[%clk 1:32:39]} O-O {[%clk 1:30:48]} 8. Re1 {[%clk 1:32:41]} b6
{[%clk 1:25:01]} 9. c3 {[%clk 1:33:01]} Ba6 {[%clk 1:22:44]} 10. Bg5
{[%clk 1:31:52]} Bxd3 {[%clk 1:21:49]} 11. Qxd3 {[%clk 1:32:15]} h6
{[%clk 1:21:26]} 12. Bxf6 {[%clk 1:28:47]} Qxf6 {[%clk 1:21:23]} 13. Nbd2
{[%clk 1:28:06]} Nd7 {[%clk 1:21:08]} 14. a4 {[%clk 1:26:36]} a6 {[%clk 1:10:04]}
15. Nf1 {[%clk 1:24:58]} Rfb8 {[%clk 0:56:36]} 16. Ne3 {[%clk 1:24:17]} Qf4
{[%clk 0:40:33]} 17. Ng4 {[%clk 1:23:09]} Be7 {[%clk 0:30:21]} 18. g3
{[%clk 1:19:43]} Qc7 {[%clk 0:30:18]} 19. Nfe5 {[%clk 1:14:02]} Nxe5
{[%clk 0:30:10]} 20. Nxe5 {[%clk 1:13:59]} Bd6 {[%clk 0:27:57]} 21. Kg2
{[%clk 1:12:02]} Bxe5 {[%clk 0:27:18]} 22. Rxe5 {[%clk 1:12:23]} Qd7
{[%clk 0:25:18]} 23. Re2 {[%clk 0:55:00]} b5 {[%clk 0:24:42]} 24. b4
{[%clk 0:53:46]} Rc8 {[%clk 0:21:22]} 25. Rea2 {[%clk 0:53:40]} Rc4
{[%clk 0:18:59]} 26. axb5 {[%clk 0:53:12]} Qxb5 {[%clk 0:18:34]} 27. Ra5
{[%clk 0:53:11]} Qc6 {[%clk 0:18:55]} 28. b5 {[%clk 0:49:34]} Rxc3
{[%clk 0:12:29]} 29. bxc6 {[%clk 0:49:30]} Rxd3 {[%clk 0:12:50]} 30. Rxa6
{[%clk 0:48:58]} Rxa6 {[%clk 0:12:36]} 31. Rxa6 {[%clk 0:49:14]} Rc3
{[%clk 0:12:44]} 32. Kf1 {[%clk 0:48:19]} Kf8 {[%clk 0:11:07]} 33. Ra8+
{[%clk 0:47:54]} Ke7 {[%clk 0:11:16]} 34. Ra7+ {[%clk 0:48:22]} Ke8
{[%clk 0:07:21]} 35. c7 {[%clk 0:48:31]} Kd7 {[%clk 0:07:43]} 36. c8=Q+
{[%clk 0:48:54]} Kxc8 {[%clk 0:08:08]} 37. Rxf7 {[%clk 0:49:16]} Rc7
{[%clk 0:08:27]} 38. Rf8+ {[%clk 0:48:37]} Kd7 {[%clk 0:08:33]} 39. h4
{[%clk 0:47:34]} Ke7 {[%clk 0:08:30]} 40. Rf4 {[%clk 0:47:58]} g5
{[%clk 0:07:55]} 41. hxg5 {[%clk 0:46:20]} hxg5 {[%clk 0:08:15]} 42. Rf3
{[%clk 0:46:30]} Rc4 {[%clk 0:08:04]} 43. Rd3 {[%clk 0:46:57]} g4
{[%clk 0:07:58]} 44. f3 {[%clk 0:45:43]} gxf3 {[%clk 0:07:59]} 45. Kf2
{[%clk 0:46:09]} e5 {[%clk 0:05:57]} 46. dxe5 {[%clk 0:46:30]} Ke6
{[%clk 0:06:18]} 47. Kxf3 {[%clk 0:46:24]} Kxe5 {[%clk 0:06:36]} 48. Re3+
{[%clk 0:45:50]} Re4 {[%clk 0:06:31]} 49. Ra3 {[%clk 0:45:35]} Kf5
{[%clk 0:06:21]} 50. Ra5 {[%clk 0:44:50]} Rd4 {[%clk 0:06:41]} 51. Ke3
{[%clk 0:42:15]} Rd1 {[%clk 0:06:30]} 52. Ke2 {[%clk 0:36:03]} Rd4
{[%clk 0:06:47]} 53. Ra8 {[%clk 0:35:15]} Rb4 {[%clk 0:03:47]} 54. Rf8+
{[%clk 0:34:28]} Kg4 {[%clk 0:03:50]} 55. Rg8+ {[%clk 0:34:45]} Kh3
{[%clk 0:04:00]} 56. Kf2 {[%clk 0:29:51]} Rb2+ {[%clk 0:04:19]} 57. Kf3
{[%clk 0:28:30]} Rb3+ {[%clk 0:04:43]} 58. Kf4 {[%clk 0:26:41]} Rb4+
{[%clk 0:05:06]} 59. Ke5 {[%clk 0:22:17]} Rg4 {[%clk 0:05:10]} 60. Rh8+
{[%clk 0:22:42]} Kxg3 {[%clk 0:05:21]} 61. Kxd5 {[%clk 0:23:10]} Rg7
{[%clk 0:05:08]} 62. Rf8 {[%clk 0:23:08]} Kg2 {[%clk 0:05:22]} 63. Rf4
{[%clk 0:23:22]} Rg8 {[%clk 0:05:33]} 64. Ke6 {[%clk 0:22:53]} Re8+
{[%clk 0:05:37]} 65. Kf7 {[%clk 0:23:15]} Ra8 {[%clk 0:05:53]} 66. Rg4+
{[%clk 0:23:32]} Kf2 {[%clk 0:06:02]} 67. Ke7 {[%clk 0:23:45]} Ra6
{[%clk 0:06:05]} 68. Rf4+ {[%clk 0:23:58]} Kg2 {[%clk 0:06:19]} 69. Rb4
{[%clk 0:24:22]} Kf2 {[%clk 0:06:14]} 70. Kd7 {[%clk 0:24:43]} Ke2
{[%clk 0:06:14]} 71. Rb3 {[%clk 0:24:57]} Kf2 {[%clk 0:06:29]} 72. Kc7
{[%clk 0:25:20]} Rh6 {[%clk 0:06:40]} 73. Rd3 {[%clk 0:25:38]} Ke2
{[%clk 0:06:43]} 74. Rg3 {[%clk 0:25:44]} Kf2 {[%clk 0:06:59]} 75. Rd3
{[%clk 0:25:48]} Ke2 {[%clk 0:07:20]} 1/2-1/2